|
|
|
|
| LEADER |
00000cam a2200000 4500 |
| 001 |
vtls012023418 |
| 003 |
SK-MaSNL |
| 005 |
20260301055711.0 |
| 008 |
210906s2020 xo grb 000 p slo |
| 015 |
|
|
|a SNBA2021/06
|
| 020 |
|
|
|a 9788081941337
|q (viazané)
|
| 035 |
|
|
|a urn:nbn:sk:snk-am00fhc6
|
| 035 |
|
|
|a urn:nbn:sk:snk-am3iv7m
|
| 035 |
|
|
|a 047A29F7-438F-49C7-94AB-34C60A86B02F
|
| 040 |
|
|
|a SNK
|b slo
|c SNK
|e rda
|
| 041 |
0 |
|
|a slo
|
| 044 |
|
|
|a xo
|c SK
|
| 072 |
|
7 |
|a 821.162.4-1
|x Slovenská poézia
|2 konspekt
|
| 080 |
|
|
|a 821.162.4-1
|2 2011
|
| 080 |
|
|
|a 82‑14
|2 2011
|
| 080 |
|
|
|a (0:82-13)
|2 2011
|
| 100 |
1 |
|
|a Belák, Blažej,
|d 1938-
|4 aut
|9 15529
|
| 245 |
1 |
0 |
|a Scherzo amabile
|c Blažej Belák
|
| 250 |
|
|
|a Prvé vydanie
|
| 264 |
|
1 |
|a Bratislava
|b Spolok slovenských spisovateľov
|c 2020
|
| 300 |
|
|
|a 77 strán
|c 16 cm
|
| 336 |
|
|
|a text
|b txt
|2 rdacontent
|
| 337 |
|
|
|a bez média
|b n
|2 rdamedia
|
| 338 |
|
|
|a zväzok
|b nc
|2 rdacarrier
|
| 500 |
|
|
|a Obsahuje biografické údaje o autorovi
|
| 504 |
|
|
|a Obsahuje bibliografiu diel
|
| 655 |
|
7 |
|a slovenská poézia
|2 SNKPH
|9 70444
|
| 655 |
|
7 |
|a Slovak poetry
|2 SNKPHeng
|9 265010
|
| 655 |
|
7 |
|a lyrická poézia
|2 SNKPH
|9 70613
|
| 655 |
|
7 |
|a Lyric poetry
|2 SNKPHeng
|9 294805
|
| 655 |
|
7 |
|a epická poézia
|2 SNKPH
|9 70640
|
| 655 |
|
7 |
|a Epic poetry
|2 SNKPHeng
|9 284150
|
| 700 |
1 |
|
|a Klas, Teofil,
|d 1940-2025
|4 aft
|9 254509
|
| 700 |
1 |
|
|a Mišák, Peter,
|d 1950-
|4 aft
|9 106471
|
| 919 |
|
|
|a 978-80-8194-133-7
|
| 958 |
|
|
|a LX
|
| 999 |
|
|
|c 613983
|d 615913
|
| 952 |
|
|
|a SNK
|b SNK
|y PREZ
|7 0
|p 17A1451382
|o snkSD 89728
|i snk2021/3057
|8 0
|0 0
|1 0
|4 0
|d 2021-04-15
|f 1
|l 0
|r 2026-02-23 16:33:23
|w 2026-02-23
|
| 952 |
|
|
|a SNK
|b SNK
|y VYP
|7 0
|p 17A1451383
|o snkSD 89728 D1
|i snk2021/3058
|8 0
|0 0
|1 0
|4 0
|d 2021-04-15
|l 0
|r 2026-02-23 16:33:23
|w 2026-02-23
|